000 01238nam a2200313Ia 4500
001 ebr10539144
003 CaPaEBR
006 m u
007 cr cn|||||||||
008 110620s2011 gau s 000 0 eng d
010 _z 2011024423
020 _z0881462519
020 _z9780881462517
020 _z9780881463477
040 _aCaPaEBR
_cCaPaEBR
035 _a(OCoLC)787846141
050 1 4 _aPS559.M25
_bW75 2011eb
245 0 0 _aWriting on napkins at the Sunshine Club
_h[electronic resource] :
_ban anthology of poets writing in Macon /
_cedited and introduction by Kevin Cantwell ; afterword by David Bottoms.
250 _a1st ed.
260 _aMacon, GA :
_bMercer University Press,
_cc2011.
300 _a238 p.
533 _aElectronic reproduction.
_bPalo Alto, Calif. :
_cebrary,
_d2011.
_nAvailable via World Wide Web.
_nAccess may be limited to ebrary affiliated libraries.
650 0 _aAmerican poetry
_zGeorgia
_zMacon.
650 0 _aAmerican poetry
_y21st century.
655 7 _aElectronic books.
_2local
700 1 _aCantwell, Kevin.
710 2 _aebrary, Inc.
856 4 0 _uhttp://site.ebrary.com/lib/rucke/Doc?id=10539144
_zAn electronic book accessible through the World Wide Web; click to view
999 _c135213
_d135213